000 00660nam a2200241 a 4500
999 _c728
_d728
008 191022s2010 ii a|||g |||| 001 0 eng d
020 _a9780230330764
_cRs. 285.00
040 _aKO
_beng
041 0 _aeng
044 _aii
082 0 4 _223
_a660
_bB2289
100 1 _aBapna, Renu
245 1 0 _aEnigneering Chemistry /
_cRenu Bapna, Renu Gupta
260 _aDelhi :
_bMacmillan Publishers India Ltd,
_c2010
300 _ax, 431 p. :
_bill. ;
_c24 cm.
504 _aIncludes index.
650 0 _aChemical engineering
_vTextbooks
650 0 _aChemistry, Technical
_vTextbooks
700 1 _aGupta, Renu
_eaut
904 _aS_JOY
942 _cBK